000 00553nam a2200193Ia 4500
003 OSt
005 20221007082918.0
006 a|||||r|||| 00| 0
007 ta
008 221006b |||||||| |||| 00| 0 eng d
024 _a40,477
037 _cDissertations
040 _aFLL
_cFLL
_beng
041 _2eng
_aeng
100 _aBhat Khurshid Ahmad
_9699814
245 0 _aLegal aspects of constitutional relations between union of India and state of Jammu and Kashmir
942 _cDIS
_2CC
999 _c1168173
_d1168173